Score 0/20 Timer 05:00
0 Plays Today
% Correct
Meet the Parents
82.3%
Top Gun
75.6%
Hotel Rwanda
70.9%
The Hunger Games
69.3%
Lost in Translation
67%
Butch Cassidy and the Sundance Kid
63.1%
Planes, Trains and Automobiles
55.7%
Eternal Sunshine of the Spotless Mind
55.6%
The King's Speech
54.2%
Wreck-It Ralph
53.2%
% Correct
The Untouchables
50.9%
Platoon
50.5%
Rango
48.9%
The Artist
48.6%
The Dictator
48.4%
A Fish Called Wanda
44.6%
Clueless
41.1%
The Adventures of Tintin
36.3%
Serenity
28.8%
Being John Malkovich
11.1%
Remove Ads.
Support Sporcle.
Get the best of Sporcle when you Go Orange. This ad-free experience offers more features, more stats, and more fun while also helping to support Sporcle. Thank you for becoming a member.

You're not logged in!

Compare scores with friends on all Sporcle quizzes.
OR
Log In

Show Comments

Extras

Top Quizzes Today


Score Distribution

Your Account Isn't Verified!

In order to create a playlist on Sporcle, you need to verify the email address you used during registration. Go to your Sporcle Settings to finish the process.

Report this User

Report this user for behavior that violates our Community Guidelines.

Details: